Víra v anděly. Výzkum mezi studenty VOŠ Jabok a PSP ETF [rukopis] : bakalářská práce / Hana Kubátová ; vedoucí práce Petr Jandejsek ; oponent práce Karel Spal
Record details
- Physical Description: [71] l.
- Publisher: Praha : Univerzita Karlova v Praze, 2011
Content descriptions
| General Note: | Datum obhajoby: 12-09-2011 |
| Dissertation Note: | Bakalářská práce (Bc.)--Univerzita Karlova. Evangelická teologická fakulta, 2011 |
| Study Program Information Note: | Pastorační a sociální práce Sociální práce |
| Awards Note: | Výsledné hodnocení: Velmi dobře |
Search for related items by subject
| Subject: | andělé náboženská víra vysokoškolští studenti |
| Genre: | bakalářské práce |
Available copies
- 1 of 1 copy available at Common Catalog SPOK.
Holds
- 0 current holds with 1 total copy.
Show Only Available Copies
| Location | Call Number / Copy Notes | Barcode | Shelving Location | Status | Due Date |
|---|---|---|---|---|---|
| Jabok Library | ABP-1813 | 424480026256 | Absolventské práce | Reference | - |
Electronic resources
Version of Resource: Zobrazení plného textu (Digitální archiv UK)
| LDR | 01550ntm a22003497a 4500 | ||
|---|---|---|---|
| 001 | 16278 | ||
| 003 | CZ-PrJAB | ||
| 005 | 20201008090749.0 | ||
| 008 | 111128s2011 xr |||||r|||||||||||cze|d | ||
| 035 | . | ‡a(CONS)16278 | |
| 035 | . | ‡a(CZ PrCU)001398996 | |
| 040 | . | ‡aABD162 ‡bcze ‡dABD027 | |
| 100 | 1 | . | ‡aKubátová, Hana ‡4dis |
| 245 | 1 | 0. | ‡aVíra v anděly. Výzkum mezi studenty VOŠ Jabok a PSP ETF ‡h[rukopis] : ‡bbakalářská práce / ‡cHana Kubátová ; vedoucí práce Petr Jandejsek ; oponent práce Karel Spal |
| 246 | 3 | 3. | ‡aBelief in Angels – reserch among students VOŠ Jabok a PSP ETF |
| 260 | . | ‡aPraha : ‡bUniverzita Karlova v Praze, ‡c2011 | |
| 300 | . | ‡a[71] l. | |
| 500 | . | ‡aDatum obhajoby: 12-09-2011 | |
| 502 | . | ‡aBakalářská práce (Bc.)--Univerzita Karlova. Evangelická teologická fakulta, 2011 | |
| 526 | 8 | . | ‡aPastorační a sociální práce |
| 526 | 8 | 1. | ‡aSociální práce |
| 586 | . | ‡aVýsledné hodnocení: Velmi dobře | |
| 650 | 0 | 7. | ‡aandělé ‡7ph114045 ‡2czenas |
| 650 | 0 | 7. | ‡anáboženská víra ‡7ph115476 ‡2czenas |
| 650 | 0 | 7. | ‡avysokoškolští studenti ‡7ph127281 ‡2czenas |
| 655 | 7. | ‡abakalářské práce ‡7fd132403 ‡2czenas | |
| 700 | 1 | . | ‡aJandejsek, Petr, ‡d1975- ‡7jo2008480499 ‡4ths |
| 700 | 1 | . | ‡aSpal, Karel ‡4opn |
| 710 | 2 | . | ‡aUniverzita Karlova. ‡bEvangelická teologická fakulta ‡7kn20010710335 |
| 710 | 2 | . | ‡aJabok - Vyšší odborná škola sociálně pedagogická a teologická ‡7kn20020502016 |
| 850 | . | ‡aETF | |
| 856 | 4 | 1. | ‡uhttps://is.cuni.cz/webapps/zzp/detail/110294/ ‡yZobrazení plného textu (Digitální archiv UK) |
| 910 | . | ‡aABG312 | |
| 901 | . | ‡a16278 ‡bCZ-PrJAB ‡c16278 ‡tbiblio | |